[Event "EYCC 2017"]
[Site "Mamaia"]
[Date "2017.09.13"]
[Round "8"]
[White "Trubchaninov, Artem"]
[Black "Gavrilescu, David"]
[Result "0-1"]
[WhiteElo "2071"]
[BlackElo "2346"]
[Annotator "TA"]
[PlyCount "66"]
[EventDate "2017.??.??"]
[EventType "swiss"]
[EventCountry "ROU"]
[SourceTitle "playchess.com"]
[Source "ChessBase"]
[SourceQuality "1"]

1. c4 b6 2. e4 Bb7 3. Nc3 e6 4. Nf3 Bb4 5. Bd3 Ne7 6. O-O Bxc3 7. bxc3 d6 8. Bc2 Nd7 9. d4 e5 10. Qe2 O-O 11. g3 Re8 12. d5 Nc5 13. Be3 Bc8 14. Bxc5 bxc5 15. Nh4 Bh3 16. Rfb1 Qc8 17. Rb2 Rb8 18. Rxb8 Qxb8 19. Rb1 Qa8 20. g4 g5 21. Nf5 Ng6 22. f3 Rb8 23. Kf2 Rb6 24. Qd2 Nf4 25. Qc1 h5 26. Qa3 Rxb1 27. Bxb1 hxg4 28. fxg4 Bxg4 29. Nh6+ Kg7 30. Nxg4 Qh8 31. Ne3 Qxh2+ 32. Kf3 Qe2+ 33. Kg3 Qxe3+ 0-1

[Event "EYCC 2017"]
[Site "Mamaia"]
[Date "2017.09.13"]
[Round "8"]
[White "Aciu, Malina-Andreea"]
[Black "Lomandong Noela-Joyce"]
[Result "0-1"]
[WhiteElo "2058"]
[BlackElo "2040"]
[Annotator "NA RC"]
[PlyCount "136"]
[EventDate "2017.??.??"]
[EventType "swiss"]
[EventCountry "ROU"]
[SourceTitle "playchess.com"]
[Source "ChessBase"]
[SourceQuality "1"]

1. d4 d5 2. c4 c6 3. e3 g6 4. Nc3 Bg7 5. Nf3 Nf6 6. Bd3 O-O 7. O-O b6 8. b3 Bf5 9. Bb2 e6 10. Re1 Ne4 11. Bxe4 Bxe4 12. Nd2 Bf5 13. f3 e5 14. Ne2 Re8 15. Nf1 e4 16. Neg3 Na6 17. a3 Qf6 18. Nd2 Nc5 19. Rf1 Nd3 20. fxe4 Qg5 21. exf5 Qxe3+ 22. Kh1 Nxb2 23. Qc2 Qxd4 24. Nf3 Qc3 25. Qxc3 Bxc3 26. cxd5 cxd5 27. Rac1 Rac8 28. Rc2 d4 29. Rfc1 Nd3 30. Rd1 Nb2 31. Rdc1 Nd3 32. Rd1 Nf4 33. Rdc1 Rcd8 34. h3 Nd3 35. Rd1 Ne1 36. Rf2 Nxf3 37. Rxf3 Re1+ 38. Rf1 Re3 39. Rf3 Re1+ 40. Rf1 Re3 41. Rf3 Rde8 42. Kh2 Re1 43. Rdd3 Ra1 44. fxg6 hxg6 45. a4 Rae1 46. h4 Kg7 47. Kh3 R8e5 48. Kg4 Bb2 49. h5 f5+ 50. Kh3 R1e3 51. hxg6 Kxg6 52. Nf1 Rxd3 53. Rxd3 Re1 54. Rf3 Bc1 55. g3 d3 56. Rf2 Re2 57. Rf3 Re1 58. Rf2 Be3 59. Nxe3 Rxe3 60. Rd2 f4 61. Kg4 fxg3 62. Kf4 Re2 63. Rxd3 g2 64. Rg3+ Kf6 65. b4 Rb2 66. Kf3 Rb3+ 67. Kxg2 Rxg3+ 68. Kxg3 Ke5 0-1

[Event "EYCC 2017"]
[Site "Mamaia"]
[Date "2017.09.13"]
[Round "8"]
[White "Berdnyk, Mariia"]
[Black "Esadze, Tamari"]
[Result "0-1"]
[WhiteElo "2055"]
[BlackElo "1863"]
[Annotator "NA RC"]
[PlyCount "126"]
[EventDate "2017.??.??"]
[EventType "swiss"]
[EventCountry "ROU"]
[SourceTitle "playchess.com"]
[Source "ChessBase"]
[SourceQuality "1"]

1. e4 c5 2. Nf3 d6 3. d4 cxd4 4. Nxd4 Nf6 5. Nc3 a6 6. Bc4 e6 7. Bb3 Be7 8. f4 O-O 9. Qf3 Nbd7 10. g4 Nc5 11. Be3 b5 12. Nc6 Qc7 13. e5 Bb7 14. Nxe7+ Qxe7 15. exf6 Qxf6 16. Qf1 Bxh1 17. Qxh1 b4 18. Nd1 Rac8 19. Qg2 d5 20. Bxc5 Rxc5 21. Qf2 d4 22. g5 Qd8 23. Qg3 e5 24. f5 e4 25. g6 Kh8 26. gxf7 Rxf5 27. Nf2 Rg5 28. Ng4 h5 29. h3 g6 30. O-O-O hxg4 31. hxg4 Kg7 32. Qf4 Qf6 33. Qxe4 a5 34. Re1 Rc5 35. Be6 d3 36. Qxd3 Re5 37. Rxe5 Qxe5 38. Bb3 Rh8 39. c3 Qe1+ 40. Bd1 Kxf7 41. Qd5+ Qe6 42. Qd4 Rh1 43. c4 Re1 44. c5 Qe3+ 45. Qxe3 Rxe3 46. c6 Ke7 47. Kd2 Rg3 48. Ke1 Rg1+ 49. Kd2 Rg2+ 50. Be2 Kd6 51. Ke3 g5 52. a4 bxa3 53. bxa3 Rg1 54. a4 Kxc6 55. Bb5+ Kd5 56. Kf3 Kd4 57. Bc6 Ra1 58. Bd7 Ra3+ 59. Kg2 Kc4 60. Kf2 Kb4 61. Ke2 Rxa4 62. Kd3 Ra1 63. Ke4 Rf1 0-1

[Event "EYCC 2017"]
[Site "Mamaia"]
[Date "2017.09.13"]
[Round "8"]
[White "Asatryan, Sona"]
[Black "Garcia Martin, Marta"]
[Result "1-0"]
[WhiteElo "2043"]
[BlackElo "2360"]
[Annotator "TA"]
[PlyCount "69"]
[EventDate "2017.??.??"]
[EventType "swiss"]
[EventCountry "ROU"]
[SourceTitle "playchess.com"]
[Source "ChessBase"]
[SourceQuality "1"]

1. e4 c5 2. Nf3 e6 3. d4 cxd4 4. Nxd4 a6 5. Nc3 Qc7 6. g3 Bb4 7. Nde2 Nc6 8. Bg2 Nf6 9. O-O h5 10. Bf4 e5 11. Bg5 Bc5 12. h3 d6 13. Bxf6 gxf6 14. Nd5 Qd8 15. Kh2 Be6 16. f4 h4 17. g4 Rc8 18. c3 Ba7 19. fxe5 fxe5 20. Qd2 Bxd5 21. exd5 Ne7 22. Be4 Qb6 23. Rf3 Rc4 24. Qc2 Rf8 25. Raf1 Rc7 26. b3 Qc5 27. Qd2 b5 28. g5 Ng8 29. Bh7 Re7 30. g6 f6 31. Bxg8 Rxg8 32. Rxf6 Reg7 33. Qg5 Bb6 34. Rf7 Bd8 35. Rf8+ 1-0

[Event "EYCC 2017"]
[Site "Mamaia"]
[Date "2017.09.13"]
[Round "8"]
[White "Kovacs, Judit"]
[Black "Cvitan, Ena"]
[Result "1/2-1/2"]
[WhiteElo "2042"]
[BlackElo "2270"]
[Annotator "TA"]
[PlyCount "117"]
[EventDate "2017.??.??"]
[EventType "swiss"]
[EventCountry "ROU"]
[SourceTitle "playchess.com"]
[Source "ChessBase"]
[SourceQuality "1"]

1. Nf3 d5 2. c4 d4 3. g3 Nc6 4. Bg2 e5 5. O-O e4 6. Ne1 h5 7. Bxe4 Bh3 8. Bg2 Bxg2 9. Nxg2 Bd6 10. d3 h4 11. Nd2 Nf6 12. Nf3 hxg3 13. fxg3 Qd7 14. e3 Qh3 15. Nf4 Bxf4 16. exf4 O-O-O 17. Rf2 Ng4 18. Rg2 Ne7 19. Ng5 Qxg2+ 20. Kxg2 Rxh2+ 21. Kg1 Rh1+ 22. Kxh1 Nf2+ 23. Kg2 Nxd1 24. Nxf7 Rf8 25. Ne5 g5 26. Kf3 Nf5 27. b3 Rh8 28. fxg5 Rh1 29. g6 Rf1+ 30. Kg4 Ng7 31. Kg5 Ne6+ 32. Kh4 Ne3 33. Bxe3 Rxa1 34. Bf4 Rxa2 35. Nf3 c5 36. Be5 Rb2 37. Ng5 Kd7 38. Kg4 Rf2 39. Ne4 Rf8 40. g7 Nxg7 41. Bxg7 Rc8 42. Kf5 a6 43. g4 b5 44. cxb5 axb5 45. g5 c4 46. bxc4 bxc4 47. Bxd4 cxd3 48. g6 Ke7 49. g7 d2 50. Nxd2 Kf7 51. Ne4 Rd8 52. Be5 Ra8 53. Nd6+ Kg8 54. Ne4 Kf7 55. Ng5+ Kg8 56. Ne6 Ra7 57. Kg6 Re7 58. Kf6 Rf7+ 59. Kg6 1/2-1/2

[Event "EYCC 2017"]
[Site "Mamaia"]
[Date "2017.09.13"]
[Round "8"]
[White "Szucs, Edina"]
[Black "Antolak, Julia"]
[Result "0-1"]
[WhiteElo "2023"]
[BlackElo "2212"]
[Annotator "TA"]
[PlyCount "78"]
[EventDate "2017.??.??"]
[EventType "swiss"]
[EventCountry "ROU"]
[SourceTitle "playchess.com"]
[Source "ChessBase"]
[SourceQuality "1"]

1. e4 e5 2. Nf3 Nc6 3. Bc4 Bc5 4. c3 Nf6 5. d3 O-O 6. Bb3 d5 7. Nbd2 h6 8. O-O Bb6 9. Qe2 Re8 10. Re1 a5 11. Nf1 Be6 12. h3 Qe7 13. Bc2 Rad8 14. Ng3 Nh7 15. a3 Nf8 16. Ba4 Ng6 17. Nf5 Qf6 18. g4 dxe4 19. dxe4 Bxf5 20. exf5 Nf8 21. Qc2 Qd6 22. Bxc6 bxc6 23. Qe4 Nd7 24. Be3 Bxe3 25. Qxe3 e4 26. Rad1 Qe7 27. Nd4 Qf6 28. Nb3 Nb6 29. Rxd8 Qxd8 30. Nxa5 Nd5 31. Qd4 e3 32. Nxc6 Qh4 33. Re2 Qxh3 34. fxe3 Nxe3 35. Ne7+ Rxe7 36. Qd8+ Kh7 37. Qxe7 Qf1+ 38. Kh2 Qxe2+ 39. Kg3 Nf1+ 0-1

[Event "EYCC 2017"]
[Site "Mamaia"]
[Date "2017.09.13"]
[Round "8"]
[White "Ciocan, Maria-Alexandra"]
[Black "Muetsch, Annmarie"]
[Result "1-0"]
[WhiteElo "2015"]
[BlackElo "2137"]
[Annotator "TA"]
[PlyCount "55"]
[EventDate "2017.??.??"]
[EventType "swiss"]
[EventCountry "ROU"]
[SourceTitle "playchess.com"]
[Source "ChessBase"]
[SourceQuality "1"]

1. e4 c5 2. a3 e6 3. b4 cxb4 4. axb4 Bxb4 5. Bb2 Bf8 6. Na3 Nf6 7. e5 Nd5 8. Nb5 Nc6 9. Bc4 Nb6 10. Bb3 a6 11. Nd6+ Bxd6 12. exd6 e5 13. Qh5 O-O 14. Nf3 g6 15. Qh6 Qf6 16. h4 a5 17. h5 Qg7 18. Qe3 Ra6 19. hxg6 hxg6 20. Rh4 a4 21. Ba2 a3 22. Bc3 Na4 23. Bxe5 Nxe5 24. Nxe5 Re8 25. Re4 Rf8 26. Ke2 Nb6 27. Rh1 Qf6 28. Nxf7 1-0

[Event "EYCC 2017"]
[Site "Mamaia"]
[Date "2017.09.13"]
[Round "8"]
[White "Fiszer, Bartosz"]
[Black "Maurizzi, Marc Andria"]
[Result "1/2-1/2"]
[WhiteElo "2009"]
[BlackElo "1947"]
[Annotator "NA RC"]
[PlyCount "88"]
[EventDate "2017.??.??"]
[EventType "swiss"]
[EventCountry "ROU"]
[SourceTitle "playchess.com"]
[Source "ChessBase"]
[SourceQuality "1"]

1. e4 e5 2. Nf3 Nc6 3. Bb5 a6 4. Ba4 g6 5. c3 Bg7 6. d4 exd4 7. cxd4 b5 8. Bc2 d6 9. Nc3 Nge7 10. Be3 Bg4 11. Qd2 O-O 12. h4 d5 13. e5 h5 14. Bg5 Qd7 15. O-O-O Nf5 16. Ne2 a5 17. Rde1 a4 18. Ng3 Nxg3 19. fxg3 b4 20. Bb1 Rfb8 21. Bf6 Na5 22. Bxg7 Kxg7 23. Bd3 Nc4 24. Qe2 Bf5 25. e6 Qxe6 26. Qxe6 Bxe6 27. Ng5 Rb6 28. Rhf1 Raa6 29. Rf2 f6 30. Nf3 Rc6 31. Kb1 Rab6 32. Rfe2 Bf7 33. Re7 Nd6 34. Rd7 Rb8 35. Ree7 Rc8 36. Ne5 fxe5 37. dxe5 Ne4 38. Rxf7+ Kg8 39. Rg7+ Kh8 40. Rh7+ Kg8 41. Rdg7+ Kf8 42. Rf7+ Kg8 43. Rfg7+ Kf8 44. Rf7+ Kg8 1/2-1/2

[Event "EYCC 2017"]
[Site "Mamaia"]
[Date "2017.09.13"]
[Round "8"]
[White "Vilcu, Matei-Stefan"]
[Black "Morgunov, Marc"]
[Result "0-1"]
[WhiteElo "1977"]
[BlackElo "2199"]
[Annotator "TA"]
[PlyCount "84"]
[EventDate "2017.??.??"]
[EventType "swiss"]
[EventCountry "ROU"]
[SourceTitle "playchess.com"]
[Source "ChessBase"]
[SourceQuality "1"]

1. e4 e5 2. Nf3 Nc6 3. Bc4 Bc5 4. c3 Nf6 5. d3 a6 6. Nbd2 O-O 7. Nf1 Re8 8. Bb3 d5 9. Qe2 Ng4 10. Ne3 Nxe3 11. Bxe3 d4 12. Bg5 Be7 13. Bxe7 Rxe7 14. O-O Bg4 15. h3 Bxf3 16. Qxf3 Qd6 17. Qg3 Qg6 18. Qh4 Qd6 19. Rad1 Rd7 20. Kh1 Rb8 21. Bc2 Qc5 22. c4 Nb4 23. Bb3 a5 24. f4 exf4 25. Rxf4 Re7 26. a3 Nc6 27. Rdf1 Ne5 28. Rf5 Re6 29. g4 Qb6 30. Qg3 Qxb3 31. Rxe5 Rxe5 32. Qxe5 Qxd3 33. Kg2 Qxc4 34. Rf2 Rc8 35. g5 c5 36. h4 Qe6 37. Qf4 Re8 38. e5 Re7 39. Re2 Qd5+ 40. Kg3 Re6 41. h5 d3 42. Rd2 Rxe5 0-1

[Event "EYCC 2017"]
[Site "Mamaia"]
[Date "2017.09.13"]
[Round "8"]
[White "Garifullina, Leya"]
[Black "Jarocka, Liwia"]
[Result "1/2-1/2"]
[WhiteElo "1970"]
[BlackElo "1970"]
[Annotator "NA RC"]
[PlyCount "73"]
[EventDate "2017.??.??"]
[EventType "swiss"]
[EventCountry "ROU"]
[SourceTitle "playchess.com"]
[Source "ChessBase"]
[SourceQuality "1"]

1. e4 c5 2. Nf3 g6 3. d4 cxd4 4. Qxd4 Nf6 5. e5 Nc6 6. Qa4 Nd5 7. Qe4 Nb6 8. Bd3 Bg7 9. O-O d5 10. exd6 Qxd6 11. Rd1 O-O 12. Nc3 Bf5 13. Qe2 Bxd3 14. Rxd3 Qc7 15. Nb5 Qc8 16. c3 a6 17. Na3 Qc7 18. Be3 Rfd8 19. Rad1 Nd7 20. Nc4 b5 21. Rxd7 Rxd7 22. Rxd7 Qxd7 23. Nb6 Qb7 24. Nxa8 Qxa8 25. Qd1 Qd8 26. Qxd8+ Nxd8 27. Kf1 e5 28. Ke2 Kf8 29. Nd2 Ke7 30. Kd3 Ne6 31. f3 f5 32. b4 Kd6 33. c4 Nd8 34. Bc5+ Kc6 35. Be3 Nf7 36. Kc3 f4 37. Bc5 1/2-1/2

[Event "EYCC 2017"]
[Site "Mamaia"]
[Date "2017.09.13"]
[Round "8"]
[White "Gitu, Paula-Alexandra"]
[Black "Balajayeva, Khanim"]
[Result "0-1"]
[WhiteElo "1948"]
[BlackElo "2342"]
[Annotator "TA"]
[PlyCount "80"]
[EventDate "2017.??.??"]
[EventType "swiss"]
[EventCountry "ROU"]
[SourceTitle "playchess.com"]
[Source "ChessBase"]
[SourceQuality "1"]

1. e4 e5 2. Bc4 Nf6 3. Nc3 Nc6 4. d3 Na5 5. Qf3 Nxc4 6. dxc4 d6 7. h3 Be6 8. b3 c6 9. Qe3 d5 10. exd5 cxd5 11. cxd5 Bb4 12. Bd2 Nxd5 13. Nxd5 Bxd2+ 14. Qxd2 Bxd5 15. Nf3 Bxf3 16. Qxd8+ Rxd8 17. gxf3 Ke7 18. Ke2 h5 19. Rhg1 Kf6 20. Rad1 g5 21. Ke3 Kf5 22. Rgf1 Ke6 23. Rg1 f6 24. Rgf1 Rc8 25. Rd2 Rc3+ 26. Ke2 Rhc8 27. Rc1 R8c7 28. a3 Rxb3 29. cxb3 Rxc1 30. Rd3 Rc2+ 31. Ke1 Ra2 32. b4 b6 33. Kf1 a5 34. bxa5 bxa5 35. Rb3 a4 36. Rc3 h4 37. Ke1 Rb2 38. Rd3 Rb3 39. Kd2 Rxd3+ 40. Kxd3 Kd5 0-1

[Event "EYCC 2017"]
[Site "Mamaia"]
[Date "2017.09.13"]
[Round "8"]
[White "Stepanyan, Eva"]
[Black "Lomaia, Diana"]
[Result "1-0"]
[WhiteElo "1927"]
[BlackElo "1753"]
[Annotator "NA RC"]
[PlyCount "193"]
[EventDate "2017.??.??"]
[EventType "swiss"]
[EventCountry "ROU"]
[SourceTitle "playchess.com"]
[Source "ChessBase"]
[SourceQuality "1"]

1. e4 c5 2. Nf3 d6 3. d4 cxd4 4. Nxd4 Nf6 5. Nc3 a6 6. Be2 e5 7. Nf3 Be7 8. Bg5 Be6 9. Bxf6 Bxf6 10. O-O O-O 11. Nd5 Bxd5 12. Qxd5 Nc6 13. Rfd1 Be7 14. Bc4 Qc7 15. Bb3 Rac8 16. c3 Na5 17. Ne1 Nxb3 18. Qxb3 Kh8 19. Nc2 Bg5 20. Nb4 f5 21. Qd5 Rcd8 22. exf5 Rxf5 23. Qd3 Qf7 24. f3 Rf6 25. Nd5 Rh6 26. c4 Bf4 27. h3 Bg3 28. Nc3 Qc7 29. Ne4 Bh4 30. Kh1 Rg6 31. Rac1 Qb6 32. Rc2 Be7 33. b3 Rc8 34. Re2 Qc6 35. Nc3 Bf8 36. Nd5 Qc5 37. Qf5 Kg8 38. Kh2 Qc6 39. Rdd2 Re8 40. Qe4 Rc8 41. Rc2 a5 42. a3 b6 43. Qf5 Rb8 44. Qe4 Rc8 45. b4 a4 46. b5 Qc5 47. Nb4 Rf6 48. g3 Rf7 49. Red2 Qc7 50. Nc6 Rf6 51. Rd5 Qf7 52. Kg2 Re8 53. Rb2 Qg6 54. Qxg6 Rxg6 55. Re2 Rge6 56. Re4 g6 57. Nb4 Kf7 58. Rd1 Rb8 59. Nd5 Rb7 60. Rb1 Re8 61. Rb4 Ra8 62. Rh4 Kg7 63. Kf2 Be7 64. Re4 Bf8 65. Ke2 Kf7 66. Kd3 Ke6 67. Re1 Bh6 68. Rd1 Bg5 69. Ke2 Bh6 70. Rb2 Rc8 71. Kd3 Rf8 72. Ke4 Rc8 73. Rb4 Ra8 74. h4 Bf8 75. g4 h6 76. Rh1 Bg7 77. g5 h5 78. Rf1 Rf7 79. Nxb6 Rf4+ 80. Ke3 Rb8 81. Nd5 Rxh4 82. Rxa4 Bf8 83. Rb4 Rh2 84. Ra1 Bg7 85. Rd1 Ra2 86. Rb3 Rb7 87. Nb4 Rg2 88. Nc6 Kf5 89. a4 Rxg5 90. a5 Rg2 91. a6 Bh6+ 92. Kd3 Rf7 93. b6 e4+ 94. fxe4+ Kg4 95. Kd4 Bg7+ 96. Kd5 Ra2 97. b7 1-0

[Event "EYCC 2017"]
[Site "Mamaia"]
[Date "2017.09.13"]
[Round "8"]
[White "Janiashvili, Mariami"]
[Black "Olde, Margareth"]
[Result "0-1"]
[WhiteElo "1875"]
[BlackElo "2161"]
[Annotator "TA"]
[PlyCount "98"]
[EventDate "2017.??.??"]
[EventType "swiss"]
[EventCountry "ROU"]
[SourceTitle "playchess.com"]
[Source "ChessBase"]
[SourceQuality "1"]

1. d4 f5 2. Nc3 Nf6 3. Bg5 d5 4. f3 Nc6 5. Nh3 Be6 6. Nf4 Bf7 7. Qd3 Qd7 8. Qb5 O-O-O 9. O-O-O h6 10. Bxf6 exf6 11. g3 Kb8 12. Bh3 g5 13. Nd3 Nxd4 14. Qxd7 Rxd7 15. Ne1 c5 16. e3 Nc6 17. Bxf5 Rd8 18. Ng2 Bg7 19. Rhe1 Rhe8 20. e4 d4 21. Na4 Bf8 22. b3 b5 23. Nb2 c4 24. Kb1 Kc7 25. h4 Bb4 26. Rh1 Kb6 27. hxg5 hxg5 28. Rh7 Bg8 29. Rh6 Rd6 30. Rh8 Kc5 31. Rdh1 Red8 32. Bh7 Bxh7 33. Rxd8 Rxd8 34. Rxh7 d3 35. Ne3 dxc2+ 36. Nxc2 c3 37. a3 Bxa3 38. Nxa3 Kb4 39. Nc2+ Kxb3 40. Na1+ Kb4 41. Rc7 cxb2 42. Kxb2 Rd6 43. Nc2+ Kc5 44. Ne3 a5 45. Nf5 Re6 46. Ne3 a4 47. Nd5 b4 48. Rf7 Ne5 49. Nxf6 Nxf7 0-1

[Event "EYCC 2017"]
[Site "Mamaia"]
[Date "2017.09.13"]
[Round "8"]
[White "Semonaviciute, Agne"]
[Black "Georgescu, Lena"]
[Result "0-1"]
[WhiteElo "1854"]
[BlackElo "2246"]
[Annotator "TA"]
[PlyCount "54"]
[EventDate "2017.??.??"]
[EventType "swiss"]
[EventCountry "ROU"]
[SourceTitle "playchess.com"]
[Source "ChessBase"]
[SourceQuality "1"]

1. e4 c5 2. Nf3 d6 3. g3 Nc6 4. Bg2 g6 5. O-O Bg7 6. d3 Nf6 7. Nbd2 O-O 8. c3 Rb8 9. Re1 b5 10. d4 Nd7 11. Nf1 b4 12. d5 Nce5 13. Nxe5 Nxe5 14. cxb4 Rxb4 15. Rb1 Ba6 16. b3 Nd3 17. Re3 Nxc1 18. Rxc1 Qa5 19. a4 Rfb8 20. Nd2 Rd4 21. Rc2 Bd3 22. Ra2 c4 23. Rxd3 Rxd3 24. Bf1 cxb3 25. Rb2 Bxb2 26. Bxd3 Qxa4 27. Qe2 Bf6 0-1

[Event "EYCC 2017"]
[Site "Mamaia"]
[Date "2017.09.13"]
[Round "8"]
[White "Khamenya, Vitalia"]
[Black "Hajiyeva, Laman"]
[Result "1-0"]
[WhiteElo "1853"]
[BlackElo "1818"]
[Annotator "NA RC"]
[PlyCount "103"]
[EventDate "2017.??.??"]
[EventType "swiss"]
[EventCountry "ROU"]
[SourceTitle "playchess.com"]
[Source "ChessBase"]
[SourceQuality "1"]

1. d4 d5 2. e3 e6 3. Bd3 Nf6 4. Nf3 Bd6 5. O-O Nbd7 6. b3 O-O 7. Bb2 b6 8. Ne5 Bb7 9. Nd2 Ne4 10. f3 Nxd2 11. Qxd2 c5 12. f4 Rc8 13. Qe2 Nf6 14. f5 Qc7 15. g4 Bxe5 16. dxe5 Nd7 17. f6 g6 18. Qf2 d4 19. exd4 Qc6 20. Qg3 cxd4 21. Bxd4 Qd5 22. Bb2 Nc5 23. Be2 Qh1+ 24. Kf2 Ne4+ 25. Ke3 Nxg3 26. Rxh1 Nxh1 27. c4 Rfd8 28. Ba3 Rc5 29. Bxc5 bxc5 30. Rd1 Rd4 31. Rxd4 cxd4+ 32. Kxd4 Nf2 33. b4 Nh3 34. a4 Nf4 35. Bd1 Kf8 36. a5 Ke8 37. Ba4+ Kd8 38. c5 Nd5 39. c6 Bc8 40. b5 h5 41. gxh5 gxh5 42. h4 Kc7 43. Bd1 Nf4 44. Ke4 Ng6 45. Bxh5 Nh8 46. Be2 a6 47. bxa6 Kxc6 48. h5 Kc5 49. Kf4 Bxa6 50. Bxa6 Kb4 51. Kg5 Kxa5 52. Kh6 1-0

[Event "EYCC 2017"]
[Site "Mamaia"]
[Date "2017.09.13"]
[Round "8"]
[White "Muradyan, Robert"]
[Black "Kirillov, Dmitry"]
[Result "1/2-1/2"]
[WhiteElo "1846"]
[BlackElo "2137"]
[Annotator "TA"]
[PlyCount "71"]
[EventDate "2017.??.??"]
[EventType "swiss"]
[EventCountry "ROU"]
[SourceTitle "playchess.com"]
[Source "ChessBase"]
[SourceQuality "1"]

1. d4 d5 2. Nf3 Nf6 3. c4 dxc4 4. e3 e6 5. Bxc4 c5 6. O-O a6 7. dxc5 Qxd1 8. Rxd1 Bxc5 9. Be2 b5 10. Nbd2 Bb7 11. Nb3 Bb6 12. Bd2 Bd5 13. Ne5 Ne4 14. Be1 O-O 15. Rac1 Ra7 16. Kf1 Rc7 17. Nd3 Bc4 18. Ne5 Bd5 19. Nd3 Bc4 20. Ne5 Bd5 21. h4 Nf6 22. Bb4 Rfc8 23. Rxc7 Rxc7 24. Bd6 Rc8 25. Bf3 Nc6 26. Bxd5 Nxd5 27. Rc1 Nce7 28. Rxc8+ Nxc8 29. Bc5 f6 30. Nd3 Kf7 31. e4 Nc7 32. Ke2 Bxc5 33. Ndxc5 Nb6 34. Nd3 Nc4 35. Nbc5 Nb6 36. b3 1/2-1/2

[Event "EYCC 2017"]
[Site "Mamaia"]
[Date "2017.09.13"]
[Round "8"]
[White "Levitan, Ronit"]
[Black "Krasteva, Beloslava"]
[Result "0-1"]
[WhiteElo "1837"]
[BlackElo "2048"]
[Annotator "NA RC"]
[PlyCount "120"]
[EventDate "2017.??.??"]
[EventType "swiss"]
[EventCountry "ROU"]
[SourceTitle "playchess.com"]
[Source "ChessBase"]
[SourceQuality "1"]

1. e4 c5 2. c3 d5 3. exd5 Qxd5 4. d4 Nf6 5. Nf3 e6 6. Bd3 Be7 7. O-O O-O 8. Qe2 Rd8 9. Rd1 cxd4 10. cxd4 Nc6 11. Nc3 Qh5 12. Ne4 Nxe4 13. Qxe4 Nxd4 14. Qxh7+ Qxh7 15. Bxh7+ Kxh7 16. Rxd4 Bd7 17. Ne5 Be8 18. Be3 Rxd4 19. Bxd4 a6 20. h3 Rd8 21. Bc3 f6 22. Nf3 e5 23. Rc1 Bc6 24. Nd2 Rd3 25. Nf1 Bd5 26. a3 Bd8 27. Ne3 Bb3 28. Nf1 Bb6 29. Nd2 Bd5 30. Kf1 Bc6 31. Nb3 Kg6 32. Re1 Kf7 33. Nc1 Rd7 34. Nb3 e4 35. Nd2 f5 36. Kg1 Bb5 37. Nf1 Bd3 38. g4 f4 39. h4 Re7 40. Bd2 Bc7 41. Bc3 Re6 42. h5 g6 43. h6 Kg8 44. Nd2 Kh7 45. g5 Bd8 46. Nf3 Bc7 47. Nd2 e3 48. Nf3 Be4 49. Rd1 Re7 50. Nd4 Bb6 51. fxe3 fxe3 52. Ne2 Bf3 53. Kf1 Bc6 54. Ke1 Re4 55. Rd6 Rh4 56. Ng3 Bc7 57. Rf6 Bxg3+ 58. Ke2 Rf4 59. Re6 Rf7 60. Rxe3 Bf4 0-1

[Event "EYCC 2017"]
[Site "Mamaia"]
[Date "2017.09.13"]
[Round "8"]
[White "Guillo Longares, Cecilia"]
[Black "Srdanovic, Jovana"]
[Result "0-1"]
[WhiteElo "1810"]
[BlackElo "1994"]
[Annotator "NA RC"]
[PlyCount "110"]
[EventDate "2017.??.??"]
[EventType "swiss"]
[EventCountry "ROU"]
[SourceTitle "playchess.com"]
[Source "ChessBase"]
[SourceQuality "1"]

1. d4 d5 2. c4 c6 3. Nf3 Nf6 4. Nc3 dxc4 5. a4 Bf5 6. e3 e6 7. Bxc4 Nbd7 8. O-O Nb6 9. Bd3 Bb4 10. e4 Bg4 11. Be3 a5 12. Qe2 O-O 13. Rfd1 h6 14. h3 Bh5 15. g4 Bg6 16. Ne5 Nfd7 17. Nxg6 fxg6 18. g5 h5 19. f4 Qe8 20. Rf1 c5 21. Nb5 cxd4 22. Nc7 Qe7 23. Nxa8 Nxa8 24. Bxd4 e5 25. fxe5 Rxf1+ 26. Rxf1 Nxe5 27. Bc4+ Kh7 28. h4 Bc5 29. Qf2 Bd6 30. Bd5 Nc7 31. Bxb7 Ne6 32. Bd5 Nxd4 33. Rd1 Bc5 34. Kh1 Ng4 35. Qf4 Bd6 36. Qd2 Qe5 37. Rf1 Qg3 38. Rf7 Qh3+ 39. Kg1 Nf3+ 40. Rxf3 Bc5+ 41. Rf2 Bxf2+ 42. Qxf2 Nxf2 43. Kxf2 Qxh4+ 44. Ke3 Qxg5+ 45. Kd4 Qd2+ 46. Kc5 Qxb2 47. Kd6 Qb6+ 48. Kd7 Qf6 49. Ke8 h4 50. Bf7 h3 51. e5 Qxe5+ 52. Kf8 Qf6 53. Ke8 h2 54. Be6 Qxe6+ 55. Kf8 Qf6+ 0-1

[Event "EYCC 2017"]
[Site "Mamaia"]
[Date "2017.09.13"]
[Round "8"]
[White "Saridag, Omer Melih"]
[Black "Piliposyan, Robert"]
[Result "1/2-1/2"]
[WhiteElo "1803"]
[BlackElo "1773"]
[Annotator "NA RC"]
[PlyCount "205"]
[EventDate "2017.??.??"]
[EventType "swiss"]
[EventCountry "ROU"]
[SourceTitle "playchess.com"]
[Source "ChessBase"]
[SourceQuality "1"]

1. d4 Nf6 2. c4 e6 3. Nc3 Bb4 4. e3 O-O 5. Bd3 d5 6. Nf3 b6 7. O-O Bb7 8. a3 Be7 9. b3 dxc4 10. bxc4 c5 11. Bb2 cxd4 12. exd4 Nc6 13. Ne4 Na5 14. Ng3 Rc8 15. Rc1 Ne8 16. Ne5 Bf6 17. f4 g6 18. Nh5 Bh8 19. Ng3 Nd6 20. c5 Nf5 21. Nxf5 exf5 22. Bb5 a6 23. c6 axb5 24. cxb7 Rxc1 25. Qxc1 Nxb7 26. Qc6 Na5 27. Qxb5 Nb7 28. d5 Nd6 29. Qc6 Ne4 30. Bd4 Qa8 31. a4 Rc8 32. Qd7 Bxe5 33. Bxe5 Rd8 34. Qc6 Qa7 35. Bd4 Rb8 36. Rc1 Qa8 37. Qc7 Rd8 38. Qe5 f6 39. Qe6+ Kg7 40. Rc7+ Kh6 41. Qe7 Rh8 42. Qg7+ Kh5 43. h3 h6 44. Qd7 Qa5 45. Bf2 Nxf2 46. Kxf2 Qd2+ 47. Kg1 Qe3+ 48. Kh1 Re8 49. Qg7 Qxf4 50. Re7 Rc8 51. Re1 Qg3 52. Rg1 Qe5 53. Qb7 Rc3 54. Qxb6 Qxd5 55. Kh2 Qe5+ 56. Kh1 Qe4 57. Kh2 Qxa4 58. Qxf6 Qf4+ 59. Kh1 Rg3 60. Qb2 Qe4 61. Kh2 f4 62. Qb5+ Kh4 63. Qb6 h5 64. Qd8+ g5 65. Qd2 Qe3 66. Qxe3 fxe3 67. Ra1 e2 68. Ra4+ g4 69. Re4 Ra3 70. hxg4 hxg4 71. g3+ Rxg3 72. Rxe2 Ra3 73. Re8 Ra2+ 74. Kg1 Kh3 75. Re1 Ra3 76. Kh1 Kg3 77. Kg1 Rb3 78. Rd1 Rc3 79. Rf1 Rf3 80. Rb1 Ra3 81. Rc1 Kh3 82. Rd1 Ra2 83. Kh1 Rh2+ 84. Kg1 Rg2+ 85. Kh1 Rg3 86. Rd2 Ra3 87. Rd1 Ra8 88. Rc1 Rh8 89. Rc3+ g3 90. Kg1 Rf8 91. Rd3 Ra8 92. Rd1 Ra3 93. Rb1 Rf3 94. Rc1 Rf2 95. Rb1 Rg2+ 96. Kh1 Rf2 97. Kg1 Rf3 98. Rb2 Rc3 99. Rb1 g2 100. Ra1 Rf3 101. Rb1 Rf1+ 102. Rxf1 gxf1=Q+ 103. Kxf1 1/2-1/2

[Event "EYCC 2017"]
[Site "Mamaia"]
[Date "2017.09.13"]
[Round "8"]
[White "Aubert, Estee"]
[Black "Beydullayeva, Govhar"]
[Result "0-1"]
[WhiteElo "1800"]
[BlackElo "2164"]
[Annotator "TA"]
[PlyCount "102"]
[EventDate "2017.??.??"]
[EventType "swiss"]
[EventCountry "ROU"]
[SourceTitle "playchess.com"]
[Source "ChessBase"]
[SourceQuality "1"]

1. d4 e6 2. Bf4 Nf6 3. e3 b6 4. Nf3 Bb7 5. Bd3 c5 6. c3 cxd4 7. exd4 d6 8. O-O Be7 9. h3 O-O 10. Re1 Nbd7 11. Bh2 Re8 12. Nbd2 Qc7 13. Qc2 Nf8 14. Ng5 Ng6 15. Nge4 Nd5 16. Be2 f5 17. Ng3 Ndf4 18. Nf3 Nxg2 19. Kxg2 Nh4+ 20. Kg1 Bxf3 21. Bf1 Bb7 22. Be2 Qc6 23. f3 Nxf3+ 24. Bxf3 Qxf3 25. Qe2 Qxe2 26. Rxe2 Bd5 27. Nf1 Rad8 28. Nd2 Bf6 29. Rae1 Kf7 30. Bg3 g5 31. Bf2 e5 32. c4 Bb7 33. d5 h5 34. Bg3 e4 35. Rf1 Bc8 36. Be1 f4 37. Rxe4 Bxh3 38. Rf3 Bf5 39. Rxe8 Rxe8 40. Bf2 Re2 41. Nb3 Be4 42. Rh3 Rxb2 43. Rxh5 Rb1+ 44. Be1 Rxe1+ 45. Kf2 Rb1 46. Ke2 Rb2+ 47. Ke1 Bc3+ 48. Kd1 Bf3+ 49. Kc1 Bxh5 50. c5 Bg6 51. c6 Rb1# 0-1